| 000 | 00565nam a2200241 a 4500 | ||
|---|---|---|---|
| 003 | AR-BaBNM | ||
| 005 | 20251128203458.0 | ||
| 008 | 082120s2002 ||||||||||||||000 | spa|| | ||
| 040 | _cAR-BaBNM | ||
| 100 | 1 | _aMantovani, Tancredi | |
| 245 | 0 | 0 | _aGluck |
| 260 |
_aBuenos Aires _bLa Universidad _c1944 |
||
| 300 | _a77 p. | ||
| 504 | _aBibliografía al final del texto | ||
| 650 | 4 | _aBIOGRAFIAS | |
| 650 | 4 | _aARTE | |
| 650 | 4 | _aMUSICOS | |
| 650 | 4 | _aHISTORIA DE LA MUSICA | |
| 651 | 4 | _aAlemania | |
| 655 | _aBIOGRAFIAS | ||
| 942 | _cBK | ||
| 998 | _cCarmen | ||
| 999 |
_c3576 _d3576 |
||